[Event "Pamplona 9697 7th"]
[Site "Pamplona"]
[Date "1996.??.??"]
[Round "1"]
[White "Speelman, Jonathan S"]
[Black "Garcia Ilundain, David"]
[Result "1-0"]
[WhiteElo "2625"]
[BlackElo "2520"]
[Annotator "Horn,Peter"]
[PlyCount "103"]
[EventDate "1996.12.??"]
[EventType "tourn"]
[EventRounds "9"]
[EventCountry "ESP"]
[EventCategory "13"]
[SourceTitle "CBM 057"]
[Source "ChessBase"]
[SourceDate "1997.04.01"]
[SourceVersion "1"]
[SourceVersionDate "1997.04.01"]
[SourceQuality "1"]

1. Nf3 f5 2. d3 Nf6 (2... Nc6 $11) (2... d6 $11) 3. Bg5 (3. e4) 3... Nc6 (3... e6 4. e4 h6 (4... d6 5. Nc3 (5. exf5 exf5 6. Qe2+ $14) 5... Be7 6. exf5 exf5 7. d4 O-O 8. Bd3 Nc6 9. O-O d5 10. Re1 h6 11. Bf4 g5 12. Be5 Ne4 13. Nb5 Nxe5 14. Nxe5 c6 15. Qh5 Bf6 16. Nc3 Bg7 $132 {Roos,D-San Marco,B/FRA-chT/1989}) 5. Bc1 (5. Bxf6 Qxf6 6. e5) 5... d6 6. Nh4 g5 7. Ng6 Rg8 8. Nxf8 Kxf8 $13 {Jones,I-Watanabe,K/Novi Sad olm/1990}) (3... h6 4. Bxf6 gxf6 $2 (4... exf6) 5. e4 $1 fxe4 $2 (5... e6 6. exf5) 6. Ne5 $18 {Lenski,J-Kase,O/corr/1987}) (3... d5 4. Bxf6 (4. Nbd2 e6 5. e4 Be7 6. exf5 exf5 7. g3 O-O 8. Bg2 Nh5 9. Bxe7 Qxe7+ 10. Qe2 Qxe2+ 11. Kxe2 Re8+ 12. Kd1 f4 13. Re1 $14 {Ree,H-Bohm,H/Amsterdam/1983}) 4... exf6 5. g3 Nc6 6. Bg2 Be6 7. c3 Qd7 8. Nbd2 Bd6 9. Qa4 a6 10. O-O O-O 11. e3 Bf7 12. Qc2 Ne5 13. c4 dxc4 14. Nxc4 Nxc4 15. dxc4 c5 $11 {Zaitshik,G-Dolmatov,S/Palma GMA-op/1989}) 4. Bxf6 $146 (4. Nc3 d5 5. h3 $2 d4 6. Nb1 e5 $15 {De Jager,J-Nieuwelink,K/Vlissingen op/1996}) 4... exf6 (4... gxf6 $2 5. e4 $16) 5. d4 {Speelman leitet jetzt in einen Stellungstyp über, der (z.B.) nach 1.d4 f5 2.g5 hätte entstehen können. Er hat zwar ein Tempo (d2-d3-d4 statt d2-d4) verloren, da aber eine Öffnung der Stellung von Schwarz nicht zu erzwingen ist, hofft er, daß sich seine günstige -Struktur langfristig auswirken wird.} (5. g3 $5) 5... d5 6. e3 Be6 7. Nbd2 $146 ({RR} 7. c3 Bd6 8. Bd3 Qd7 9. Nbd2 Nd8 10. Qc2 Nf7 11. O-O c6 12. c4 O-O 13. c5 Bc7 14. Nh4 g6 15. f4 Nh6 16. g3 Rae8 17. b4 Qg7 18. Ng2 Bd7 19. Rfe1 Re7 20. a4 Rfe8 21. Nf1 g5 {Kreindl,H (2173)-Galyas,M (2440) Budapest 2000 ½-½}) 7... Qd7 8. c3 Ne7 {[%cal Ye7c8,Yc8d6,Yd6e4] Die schwarzen  finden in der verbarrikadierten Stellung wenig Wirkung, so daß Schwarz erst einmal seinen  in die Richtung seines einzigen starken Feldes (e4) bugsiert.} (8... Bd6 {[%cal Yf5f4]} 9. g3 $14) 9. Bd3 Nc8 10. Qc2 Nd6 11. c4 {Das Manöver c6-e7-c8-d6 hat doch etwas Zeit gekostet, so daß Weiß jetzt nichts dagegen hat, wenn die Stellung geöffnet wird.} c6 (11... Nxc4 $6 12. Nxc4 dxc4 13. Bxc4 Bb4+ 14. Ke2 Bxc4+ 15. Qxc4 Bd6 16. Rhc1 $14) 12. O-O Be7 13. Rfc1 O-O $11 14. Ne1 Rfe8 15. Rab1 (15. c5 Ne4) 15... a5 16. c5 Ne4 17. Nf1 {Nun muß Schwarz ständig darauf achten, ob seinem e4 nicht der Rückweg abgeschnitten werden kann.} Reb8 18. f3 (18. h4 $2 {[%cal Rf2f3] bringt nichts:} Qc7) 18... Ng5 19. Ng3 g6 {[%csl Re6] Nun ist der e6 restlos eingemauert. Allzu traurig braucht Schwarz aber nicht zu sein, da wieder aufwacht, wenn Weiß die Stellung im Zentrum oder am Königsflügel öffnet.} 20. Ne2 Bf7 21. Nc3 {[%cal Yc3a4]} Re8 22. Na4 {[%cal Ra4b6]} Bd8 23. f4 {Um den rückständigen e3 braucht Weiß sich nur wenig zu sorgen, da der e1 ihn von g2 zuverlässig decken wird.} Ne4 24. g3 Kh8 25. Ng2 g5 $6 {Schwarz übernimmt die Initiative am Königsflügel. Der Zug schwächt den Punkt f5. Bei passivem Verhalten müßte er (irgendwann) mit einer Linienöffnung am Damenflügel mit b2-b4 rechnen.} 26. Rf1 $1 Rg8 27. a3 Bh5 28. Be2 Bxe2 29. Qxe2 Bc7 30. Nc3 b6 $2 {Diese Medizin erscheint mir schlimmer als die Krankheit.} 31. Nxe4 fxe4 (31... dxe4 32. cxb6) 32. cxb6 Bxb6 33. Rbc1 $16 {Weiß steht auf beiden Flügeln besser: die Rechnung von 25...g6 ist nicht aufgegangen.} Bc7 34. Rc2 Bd6 35. Qh5 (35. Rfc1 Rgc8 (35... gxf4 36. Nxf4 Bxf4 37. exf4) 36. Qh5 Be7) 35... Rg7 36. Rcf2 c5 37. fxg5 fxg5 (37... Rxg5 38. Qh4 $16 {[%csl Rf6]}) 38. Qd1 (38. Rf5 $5 Bf4 (38... cxd4 39. exd4 $18 {[%csl Ge3][%cal Yg2e3]}) (38... Be7 39. dxc5 $18) 39. g4 Bd6 40. Rxg5 Rxg5 41. Qxg5 Rg8 42. Qf6+ Rg7 43. h3 $18) 38... Re8 $2 (38... c4 39. Rf5 Be7 $16) 39. Rf5 $18 {[%csl Rd5]} Qb7 40. dxc5 Bxc5 41. Rxd5 Bb6 42. Rdf5 Qc6 43. Qb3 Rg6 44. a4 Ree6 45. Qa3 Rd6 46. b4 Rd3 47. Qb2+ Qc3 48. Qf2 $1 axb4 $6 (48... Rg8) 49. Rf8+ Kg7 50. Rg8+ Kh6 51. Qf8+ Kh5 52. g4+ 1-0

[Event "Rilton Cup 26th"]
[Site "Stockholm"]
[Date "1996.??.??"]
[Round "8"]
[White "Djurhuus, Rune"]
[Black "Khenkin, Igor"]
[Result "1-0"]
[WhiteElo "2505"]
[BlackElo "2575"]
[PlyCount "95"]
[EventDate "1996.12.??"]
[EventType "swiss"]
[EventRounds "9"]
[EventCountry "SWE"]
[SourceTitle "CBM 057 Extra"]
[Source "ChessBase"]
[SourceDate "1997.05.01"]
[SourceVersion "1"]
[SourceVersionDate "1997.05.01"]
[SourceQuality "1"]

1. Nf3 Nf6 2. g3 g6 3. b3 Bg7 4. Bb2 d5 ({RR} 4... b6 5. d4 d5 6. Bg2 O-O 7. O-O Bb7 8. c4 Na6 9. cxd5 Nxd5 10. Nbd2 c5 11. Nc4 Rc8 12. dxc5 Bxb2 13. Nxb2 Nxc5 14. Qd4 Ne6 15. Qe5 Qc7 16. Rfd1 Nc3 17. Rd2 Ne4 18. Rdd1 Nc3 19. Rd2 {Prohaszka,P (2599)-Ragger,M (2658) Austria 2015 0-1 (54)}) 5. Bg2 ({RR} 5. d4 O-O 6. e3 Nc6 7. Be2 Bh3 8. Ng5 Bf5 9. g4 Bd7 10. h3 e6 11. h4 h6 12. Nh3 Ne4 13. h5 g5 14. Nc3 Nxc3 15. Bxc3 Ne7 16. Bb4 a5 17. Ba3 Re8 18. f4 f6 19. Qd3 a4 {Al Jbarat,T-Takeuchi,H (1354) Sapporo 2021 1-0 (56)}) 5... c6 6. O-O a5 $146 ({RR} 6... Nbd7 7. d3 Qc7 8. e4 e5 9. exd5 Nxd5 10. c4 Ne7 11. Re1 O-O 12. d4 f6 13. Ba3 Re8 14. Nbd2 Nf8 15. Ne4 Bg4 16. Bd6 Qd7 17. dxe5 fxe5 18. Qc1 Nc8 19. Rd1 Nxd6 20. Rxd6 Qe7 21. c5 {Augustat,S-Krampe,H (1675) Ellwangen 1997 1-0 (41)}) ({RR} 6... Nbd7 7. d3 Qc7 8. Nbd2 O-O 9. c4 e6 10. Qc2 Re8 11. Rfe1 Qd8 {½-½ (11) Letzel,L (1236)-Zellner,E (1675) Schloss Schney 2000}) 7. a4 O-O 8. d3 Na6 9. Nbd2 Re8 10. Re1 Bg4 11. h3 Bxf3 12. Nxf3 Nd7 13. Bxg7 Kxg7 14. e4 dxe4 15. Rxe4 e5 16. Qe1 Nb4 17. Qc3 f5 18. Re2 Qf6 19. Rae1 e4 20. Nd4 Ne5 21. dxe4 f4 22. gxf4 Qxf4 23. Rd2 Kg8 24. Ne2 Na2 25. Nxf4 Nxc3 26. Re3 Na2 27. Ne2 Rad8 28. Rxd8 Rxd8 29. f4 Nf7 30. Rd3 Nb4 31. Rxd8+ Nxd8 32. c3 Nd3 33. f5 Kf7 34. Nd4 Kf6 35. Kf1 Ke5 36. Bf3 Nc5 37. Ke2 Nxe4 38. Bxe4 Kxe4 39. Ne6 Nf7 40. fxg6 hxg6 41. Nc5+ Kd5 42. Nxb7 Ng5 43. h4 Ne4 44. c4+ Kd4 45. Nxa5 Kc5 46. Nb7+ Kb6 47. Ke3 Ng3 48. Nd6 1-0

[Event "Bucharest primaver"]
[Site "Bucharest"]
[Date "1997.??.??"]
[Round "5"]
[White "Nevednichy, Vladislav"]
[Black "Badea, Bela"]
[Result "1-0"]
[WhiteElo "2535"]
[BlackElo "2535"]
[PlyCount "81"]
[EventDate "1997.??.??"]
[EventType "tourn"]
[EventRounds "12"]
[EventCountry "ROU"]
[SourceTitle "EXT 2001"]
[Source "ChessBase"]
[SourceDate "2000.11.22"]
[SourceVersion "1"]
[SourceVersionDate "2000.11.22"]
[SourceQuality "1"]

1. e4 c5 2. Nf3 e6 3. d3 Nc6 4. g3 g6 5. Bg2 Bg7 6. O-O Nge7 7. Re1 d6 8. c3 O-O 9. d4 cxd4 10. cxd4 b6 ({RR} 10... d5 11. e5 Nf5 12. Nc3 f6 13. h4 fxe5 14. dxe5 h6 15. Bf4 Bd7 16. Qd2 Kh7 17. Rad1 Qe7 18. Bf1 Rad8 19. Bd3 Be8 20. a3 a6 21. Kg2 Qf7 22. Ne2 d4 23. h5 gxh5 24. Nexd4 Ncxd4 25. Nxd4 {Macieja,B (2612)-Tregubov,P (2652) Kallithea 2009 ½-½ (65)}) 11. Nc3 Na5 $146 ({RR} 11... Bb7 12. Be3 Rc8 13. Rc1 e5 14. dxe5 dxe5 15. Qa4 Qc7 16. Red1 Qb8 17. h4 Rfd8 18. h5 Rxd1+ 19. Rxd1 Rd8 20. hxg6 hxg6 21. Bf1 Rxd1 22. Qxd1 Qd8 23. Qxd8+ Nxd8 24. Nb5 Bxe4 25. Nd2 Bf5 26. Nxa7 {Fucek,C (2240)-Popov,A Spain 1995 ½-½ (40)}) ({RR} 11... d5 12. e5 f6 13. exf6 Bxf6 14. Bh6 Re8 15. Ne5 Nxe5 16. dxe5 Bh8 17. Nb5 Nf5 18. Bf4 Bd7 19. Nd6 Nxd6 20. exd6 Bxb2 21. Rb1 Bf6 22. Rc1 Rc8 23. Rc7 g5 24. Qg4 Kh8 25. Be5 Bxe5 26. Rxe5 {Andrews,T (2217)-Nissinen,N (2000) chess.com INT 2023 1-0 (38)}) ({RR} 11... Bb7 12. a3 d5 13. e5 Nf5 14. Bg5 f6 15. exf6 Bxf6 16. Bxf6 Qxf6 17. Ne2 Ba6 18. Ne5 Bxe2 19. Rxe2 Nfxd4 20. Nd7 Nxe2+ 21. Qxe2 Qf7 22. Nxf8 Rxf8 23. f4 Re8 24. Rc1 Qd7 25. Bh3 Qd6 26. Qc2 {Loy,K (2268)-Garcia Garcia,A (2247) Chess.com INT 2021 ½-½ (67)}) 12. b3 Bb7 13. Bf4 Qd7 14. Qd2 Rfc8 15. Rac1 Rc7 16. e5 dxe5 17. Nxe5 Qd8 18. Nxf7 Kxf7 19. Bxc7 Qxc7 20. Ne4 Qb8 21. Ng5+ Kg8 22. Qe2 e5 23. b4 Bxg2 24. Kxg2 h6 25. Nf3 Nb7 26. Qc4+ Kf8 27. Nxe5 Bxe5 28. dxe5 Nd8 29. Qf4+ Nf7 30. Qf3 Kg8 31. h4 a5 32. Rcd1 axb4 33. Rd7 Ra3 34. Qf6 Qa8+ 35. Kg1 Rf3 36. Qxe7 Qxa2 37. Rf1 Qa3 38. Kg2 Qa8 39. Rb7 Qc8 40. e6 Qc6 41. Kg1 1-0

[Event "CRO-Cup"]
[Site "Pula"]
[Date "1997.??.??"]
[Round "?"]
[White "Kurajica, Bojan"]
[Black "Dizdar, Goran"]
[Result "1-0"]
[WhiteElo "2545"]
[BlackElo "2550"]
[PlyCount "66"]
[EventDate "1997.??.??"]
[EventType "team"]
[EventRounds "5"]
[EventCountry "CRO"]
[SourceTitle "EXT 1998"]
[Source "ChessBase"]
[SourceDate "1997.11.17"]
[SourceVersion "1"]
[SourceVersionDate "1997.11.17"]
[SourceQuality "1"]

1. d4 c5 2. Nf3 cxd4 3. Nxd4 Nc6 4. g3 g6 5. Bg2 Bg7 6. Nb3 d6 7. O-O Be6 8. e4 ({RR} 8. h3 a5 9. a4 Bxb3 10. cxb3 Nf6 11. Nc3 O-O 12. Be3 Nd7 13. Qd3 Nb4 14. Qd2 Nc5 15. Bxc5 dxc5 16. Rad1 Qb6 17. Qe3 e6 18. Rd7 Nc6 19. Ne4 Rad8 20. Qxc5 Qxb3 21. Rxd8 Rxd8 22. Nd6 Bd4 {Bu,X (2710)-Ghaem Maghami,E (2594) Las Vegas 2014 ½-½}) ({RR} 8. Nc3 Qd7 9. Be3 Bh3 10. Qd3 h5 11. Qb5 Bxg2 12. Kxg2 h4 13. Rh1 h3+ 14. Kg1 Nf6 15. f3 Rc8 16. Kf2 Rh5 17. Qa4 Rf5 18. Rad1 b5 19. Qh4 Rh5 20. Qf4 Rf5 21. Qh4 Ne5 22. Bg5 b4 {Amburgy,R (2200)-Melkumyan,H (2640) chess.com INT 2024 0-1 (38)}) 8... Qd7 9. Re1 h5 10. h4 Nh6 $146 ({RR} 10... Rc8 11. c3 Nf6 12. Bg5 O-O 13. Nd4 Bg4 14. Qd2 Ne5 15. Na3 a6 16. Bh6 b5 17. Bxg7 Kxg7 18. f4 Nc4 19. Nxc4 Rxc4 20. e5 Ne8 21. Qe3 e6 22. a4 bxa4 23. Bf1 Rc5 24. Bxa6 Nc7 25. Bf1 {Kovalev,E (2339)-Alekseev,E (2636) Sochi 2016 0-1 (42)}) 11. c3 O-O 12. N1d2 Ne5 13. Nf3 Nxf3+ 14. Qxf3 Ng4 15. Qd1 Ne5 16. Nd4 Bg4 17. Qc2 Rac8 18. a4 Rc5 19. f3 Bh3 20. Be3 Bxg2 21. Kxg2 Rcc8 22. Rad1 b6 23. Bf4 Qb7 24. Bxe5 Bxe5 25. Qb3 Rc5 26. Nc2 b5 27. Na3 a6 28. axb5 axb5 29. Rd5 Rb8 30. Nc2 Ra8 31. Red1 Rxd5 32. Rxd5 Ra5 33. Nb4 Qa7 1-0

[Event "Corsica rap op"]
[Site "Corsica"]
[Date "1997.??.??"]
[Round "8"]
[White "Tregubov, Pavel V"]
[Black "Salov, Valery"]
[Result "1-0"]
[WhiteElo "2550"]
[BlackElo "2680"]
[PlyCount "56"]
[EventDate "1997.??.??"]
[EventType "swiss (rapid)"]
[EventRounds "9"]
[EventCountry "FRA"]
[SourceTitle "EXT 1999"]
[Source "ChessBase"]
[SourceDate "1998.11.16"]
[SourceVersion "1"]
[SourceVersionDate "1998.11.16"]
[SourceQuality "1"]

1. Nf3 Nf6 2. g3 d5 3. Bg2 c6 4. O-O Bg4 5. b3 Nbd7 6. Bb2 e6 7. d3 Bd6 8. Nbd2 O-O 9. e4 dxe4 10. dxe4 Be5 ({RR} 10... Ne5 11. Qe1 Nxf3+ 12. Nxf3 Bxf3 13. Bxf3 e5 14. Bg2 Qe7 15. Qe2 Rad8 16. Rad1 Bc5 17. Kh1 Rfe8 18. f4 exf4 19. gxf4 Rxd1 20. Rxd1 h6 21. e5 Qe6 22. Qf3 Nd5 23. f5 Qe7 24. Re1 Qh4 25. Re4 {Korchmar,V (2424)-Bobadilla Viera,J (2386) chess.com INT 2024 0-1 (38)}) 11. c3 Bc7 ({RR} 11... Bxf3 12. Nxf3 Qa5 13. Nxe5 Nxe5 14. Qc2 Rfd8 15. Rad1 c5 16. c4 Qc7 17. Qe2 Nc6 18. e5 Ne8 19. Rfe1 Rxd1 20. Rxd1 Rd8 21. Rxd8 Nxd8 22. Qe3 b6 23. Qd3 g6 24. Bc1 Nc6 25. Bxc6 Qxc6 26. Qd8 {Ribli,Z (2605)-Heyken,E (2415) Germany 1990 1-0 (33)}) 12. Qc2 Re8 $146 ({RR} 12... Bxf3 13. Nxf3 Qe7 14. Rfe1 e5 15. Rad1 Rfd8 16. Nh4 g6 17. Bc1 Nf8 18. Bh3 Ne6 19. Nf3 Nd7 20. Re2 Ndf8 21. Red2 Rxd2 22. Rxd2 Rd8 23. Rxd8 Qxd8 24. Be3 a6 25. Kf1 f6 26. Ke2 Kf7 27. b4 {Vukic,M (2485)-Timmer,R (2280) Biel 1990 1-0 (33)}) ({RR} 12... Qe7 13. a4 Rfd8 14. Ba3 c5 15. Nc4 Bh5 16. Rad1 Rac8 17. Rd2 a6 18. h3 b5 19. Ne3 Nb8 20. Rfd1 Rxd2 21. Rxd2 Nc6 22. Nh4 Nd7 23. Nf3 Nb6 24. Kh2 Na5 25. axb5 axb5 26. Kg1 b4 27. Bb2 {Koneru,H (2299)-Vijayalakshmi,S (2416) Kolkata 2001 0-1 (36)}) 13. Rad1 Ne5 14. h3 Bxf3 15. Bxf3 Qe7 16. Be2 Rad8 17. Kg2 g5 18. c4 h6 19. Qc3 Kg7 20. f4 gxf4 21. gxf4 Ng6 22. e5 Nh7 23. Ne4 Rxd1 24. Bxd1 Kh8 25. Kh2 Qh4 26. Nd6 Rf8 27. Qg3 Qxg3+ 28. Kxg3 f6 1-0

[Event "ROM-chT"]
[Site "Baile Tusnad"]
[Date "1997.??.??"]
[Round "?"]
[White "Ionescu, Constantin"]
[Black "Nevednichy, Vladislav"]
[Result "1-0"]
[WhiteElo "2515"]
[BlackElo "2535"]
[Annotator "Marin,Mihail"]
[PlyCount "107"]
[EventDate "1997.??.??"]
[EventType "team"]
[EventRounds "5"]
[EventCountry "ROU"]
[SourceTitle "EXT 1999"]
[Source "ChessBase"]
[SourceDate "1998.11.16"]
[SourceVersion "1"]
[SourceVersionDate "1998.11.16"]
[SourceQuality "1"]

1. Nf3 Nf6 2. g3 g6 3. b3 Bg7 4. Bb2 O-O 5. Bg2 c5 6. c4 Nc6 7. O-O d5 8. cxd5 Nxd5 9. Bxg7 Kxg7 10. d4 $14 Qa5 $4 (10... cxd4 11. Nxd4 $14) 11. e4 Nf6 12. d5 Rd8 13. Nbd2 Nb4 14. a3 Na6 15. Qc2 $16 Bg4 $146 ({RR} 15... Bd7 16. Qb2 Kg8 17. Nc4 Qb5 18. Nfe5 Bc8 19. Rfe1 Qe8 20. Rad1 Qf8 21. Nd3 Qg7 22. Qe5 Re8 23. Qg5 h6 24. Qc1 Nd7 25. e5 Nb6 26. e6 fxe6 27. dxe6 Nxc4 28. Qxc4 Qd4 29. Qc2 Qf6 30. Nf4 {Hausrath,D (2469)-Gheng,J (2192) Schwaebisch Gmuend GER 2023 1-0 (33)}) ({RR} 15... Bd7 16. Nc4 Qc7 17. Rad1 Bb5 18. Rfe1 Rac8 19. Qc3 Kg8 20. d6 Qd7 21. Nce5 Qe8 22. Ng5 exd6 23. Nexf7 Qe7 24. Nxd8 Rxd8 25. e5 {1-0 (25) Garidmagnai,B (2323)-Byambaa,Z (2137) Changsha 2019}) 16. Ne5 Qc7 17. Qc3 Bd7 18. Ndc4 Kg8 19. Ne3 Be8 20. Rfd1 h5 21. Rac1 Rab8 22. Nd3 Nh7 23. e5 b5 24. b4 c4 25. Nf4 Qb6 26. d6 e6 {} 27. Ned5 $1 exd5 28. Nxd5 {ףb6} Bd7 (28... Qb7 29. Ne7+ Kf8 30. Bxb7) 29. Nxb6 Rxb6 30. Bd5 Nf8 31. Qf3 Be6 32. Qf6 Rd7 33. Bxe6 Nxe6 34. a4 bxa4 35. Rxc4 Rb8 36. b5 Nac5 37. Qf3 Rdd8 38. Rdc1 Nb3 39. Rc7 Rf8 40. Rd1 Nbd4 41. Qf6 Rxb5 42. Rxa7 Rxe5 43. Rxa4 Rf5 44. Qe7 Ne2+ 45. Kf1 Nc3 46. Raa1 Nxd1 47. Rxd1 Ra5 48. d7 Raa8 49. Rd6 Rfb8 50. Rxe6 fxe6 51. f4 Rf8 52. Kg2 Ra2+ 53. Kh3 Rd2 54. Kh4 1-0